| 000 | 01141cad a22002055a 4500 | ||
|---|---|---|---|
| 001 | L156776 | ||
| 008 | 120713s2012 xxk 000 0 eng d | ||
| 035 | _a(Sirsi) u156776 | ||
| 041 | 0 | _aeng | |
| 110 | 2 |
_aCBRE Global Investors _95985 |
|
| 245 | 0 | 0 |
_aUK propertywatch Q3 2012 _h[electronic resource] |
| 260 |
_a[S.l.] _bCBRE Global investors _c2012 |
||
| 490 | 0 |
_aCBRE Global Investors UK Propertywatch _vQ3 2012 |
|
| 520 | _aHighlights three themes that have featured persistently in the UK property market: the unresolved Eurozone crisis; the exacerbation of the North/South divide, or better stated the "London versus the rest" phenomenon; and the prime and secondary property yield gap. The bearish, below-consensus UK property forecasts are predicated on the belief that secondary property values, in particular, will need to be written down further. | ||
| 590 | _aNTK KA | ||
| 651 | 4 | _aUnited Kingdom | |
| 690 |
_aCommercial property _96227 |
||
| 856 | 4 | 0 |
_uhttps://www.cbreglobalinvestors.com/research/publications/Documents/propertywatch/UKPropertyWatch_Q3%202012.pdf _zView the report at www.cbreglobalinvestors.com |
| 942 | _n0 | ||
| 999 |
_c84151 _d84151 |
||